| LEADER | 00552nam#a2200205#a#4500 | ||
|---|---|---|---|
| 001 | 013813 | ||
| 005 | 20160721152452.0 | ||
| 008 | 990726s1974####sz##################spa#d | ||
| 040 | |a AR-beUNQ | ||
| 099 | |a 01-L34 | ||
| 100 | 1 | |a Lenin, Vladimir I | |
| 245 | 0 | 0 | |a Sobre el estado |c Vladimir I Lenin. |
| 260 | |a Pekin : |b Ediciones en lenguas extranjeras, |c 1974 | ||
| 300 | |a 24 p | ||
| 650 | 7 | |a POLITICA |2 Spines | |
| 650 | 7 | |a ESTADO |2 toit | |
| 929 | |a COMPRA |b Peon |e 19990707 |j 26274 | ||
| 929 | |a COMPRA |b Peon |e 19990707 |j 26275 | ||
| 942 | |c LIB |n 0 | ||
| 999 | |c 16213 |d 91600 | ||